000 00322nam a2200145Ia 4500
008 150201s2008 xx 000 0 und d
082 _a616.8
_bP08B
100 _aBYRNE,PETER
245 _aPSYCHIATRY
250 _a1ST
260 _bWILEY BLACKWELL
_aUK
_c2008
300 _a1-230
650 _aPSYCHIATRY
942 _2ddc
_cBK
999 _c570
_d570